African Folktales

Bibliographic Details
Main Author: Pawliková-Vilhanová, Viera, 1944-2019 (Author)
Format: Article
Language:English

MARC

LEADER 00000nab a2200000ua 4500
001 vtls010843824
003 SK-MaSNL
005 20260303144101.0
008 230222s1974 xo |||||||||||||||||eng|
035 |a (urnnbn)urn:nbn:sk:snk:ar-a07128 
035 |a urn:nbn:sk:snk-ab65tn 
035 |a (uuid)214b046b-8ef9-4b34-abe1-40b3f4f4e8cf 
040 |a SNKBUCL  |b slo  |c SNKBUCL  |e AACR2 
041 0 |a eng 
044 |a xo  |c SK 
100 1 |a Pawliková-Vilhanová, Viera,  |d 1944-2019  |4 aut  |9 155560 
245 1 0 |a African Folktales  |c Viera E. Pawliková 
773 0 |t Asian and African studies  |g Roč. 10, č. 1 (1974), s. 262-263 
958 |a OND 
958 |a EUIPO 
958 |a article5 
999 |c 1994331  |d 1996261